Remain In Light Album Tracklist - Statistics

General Stats
  • This quiz has been taken 10 times
  • The average score is 6 of 8
Answer Stats
Hint Answer % Correct
3 The Great Curve
100%
1 Born Under Punches (The Heat Goes On)
83%
5 Houses in Motion
83%
4 Once in a Lifetime
83%
2 Crosseyed And Painless
67%
7 Listening Wind
50%
6 Seen and Not Seen
50%
8 The Overload
50%
No matching quizzes found
Score Distribution
Percent of People with Each Score
Percentile by Number Answered
Your Score History
You have not taken this quiz